Statistics for 日本の交通困難地

Click here to take the quiz!

General Stats

  • This quiz has been taken 100 times
  • The average score is 15 of 32

Answer Stats

都道府県名町丁・字名解答欄% Correct
東京都硫黄島、南鳥島小笠原村
86%
富山県宇奈月町欅平など黒部市
79%
埼玉県大滝字雲取小屋など秩父市
77%
長野県安曇大滝山、安曇奥岩留など松本市
71%
富山県芦峅寺一ノ越など立山町
71%
富山県有峰雲の平など富山市
67%
岐阜県河合町角川字臼坂飛騨市
64%
栃木県板室字三斗小屋温泉那須塩原市
63%
長野県平字大沢小屋など大町市
60%
山梨県白州町横手字七丈北杜市
60%
山梨県河口字御巣鷹山富士河口湖町
58%
徳島県東祖谷見ノ越三好市
57%
長野県北城字唐松小屋など白馬村
56%
新潟県三国字赤湯湯沢町
56%
北海道船泊村メシクニなど礼文町
52%
静岡県須走字本八合目小山町
52%
長野県三岳黒沢字石室など木曽町
51%
長野県木曽御嶽山頂王滝村
51%
新潟県後谷上越市
49%
愛媛県土小屋久万高原町
45%
岐阜県門入揖斐川町
37%
長野県鹿塩字広河原大鹿村
32%
香川県甲字余島土庄町
32%
愛媛県立川山字角石原新居浜市
27%
長野県稲子字緑池、千代里字白駒池小海町
26%
長野県豊平字オーレン小屋など茅野市
24%
長野県小川字敬神の滝など上松町
23%
長野県海尻字本沢南牧村
23%
新潟県吉野屋字法正院三条市
21%
長野県平穏字横手など山ノ内町
19%
北海道小島厚岸町
18%
山形県貫見字古寺大江町
12%

Score Distribution

Percentile by Number Answered

Percent of People with Each Score

Your Score History

You have not taken this quiz